000 01325nam a2200313Ia 4500
999 _c5759
_d5759
003 OSt
005 20200527125551.0
008 191128t1993 spa fr 000 0 spa d
020 _a8448101375
040 _aCO-JMCR
_cCO-JMCR
041 1 _aspa
_heng
082 0 4 _a330 /
_bS187e
_223
100 1 _aSamuelson, Paul A.,
_eautor
_91065
245 1 0 _aEconomía /
_cPaul A. Samuelson y William D. Nordhaus ; traducción Esther Rabasco, Luis Toharia ; revisores técnicos F. Javier Escriba Pérez
250 _aDecimocuarta edición
260 _aMadrid :
_bMcGraw-Hill,
_c©1993
300 _axlviii, 951 páginas ;
_c23 cm.
505 0 _aConceptos básicos -- La microeconomía: la oferta, la demanda y los mercados de productos -- Los salarios, los alquileres y los beneficios -- La distribución de la renta -- La eficiencia, la equidad y el estado -- Conceptos fundamentales de macroeconomía
534 _pEconomics
546 _aTraducido del inglés
650 1 4 _aEconomía
_94734
650 1 4 _aMacroeconomía
_94735
650 1 4 _aMicroeconomía
_94736
700 1 _aNordhaus, William D.,
_eautor
_91070
700 1 _aRabasco Espariz, María Esther,
_etraductora
_94737
700 1 _aToharia, Luis,
_etraductor
_94738
700 1 _aEscriba Pérez, F. Javier ,
_erevisor
_94739
942 _2ddc
_cBK